Tensile strength of natural rubber vulcanizates at elevated temperature (Record no. 70385)

MARC details
000 -LEADER
fixed length control field 00451nam a2200145Ia 4500
100 ## - MAIN ENTRY--AUTHOR NAME
Personal name Bell C L M
245 #0 - TITLE STATEMENT
Title Tensile strength of natural rubber vulcanizates at elevated temperature
260 ## - PUBLICATION, DISTRIBUTION, ETC. (IMPRINT)
Name of publisher Proceedings of the International Rubber Conference, Venice, 1979; p777-786
650 ## - SUBJECT ADDED ENTRY--TOPICAL TERM
Topical Term NR vulcanizates
650 ## - SUBJECT ADDED ENTRY--TOPICAL TERM
Topical Term Tensile strength
700 ## - ADDED ENTRY--PERSONAL NAME
Personal name Stinson D
700 ## - ADDED ENTRY--PERSONAL NAME
Personal name Thomas A G
942 ## - ADDED ENTRY ELEMENTS (KOHA)
Koha item type Journals
Holdings
Withdrawn status Lost status Damaged status Not for loan Home library Current library Shelving location Date acquired Koha item type
      Journals RRII Library RRII Library Rubber chemistry 17/12/2021 Journals